3-5th Gen Name KPOP Girl Group Idols - Statistics

General Stats
  • This quiz has been taken 637 times
    182 since last reset
  • The average score is 84 of 150
Answer Stats
BABYMONSTER % Correct
J
100%
Jennie
99%
Lisa
99%
Rose
99%
Jisoo
98%
Chaewon
96%
A-na
95%
Momo
95%
Sakura
95%
Danielle
93%
Karina
93%
Winter
93%
Yunjin
93%
Giselle
92%
Mina
92%
E:U
91%
Sana
91%
Tzuyu
91%
Yeji
91%
Jihyo
90%
Kazuha
90%
Lia
90%
Nayeon
90%
Ningning
90%
Yuna
90%
Dahyun
89%
Eunchae
89%
Woni
89%
Wonyoung
89%
Chaeryeong
88%
Hanni
88%
Minji
88%
Jeongyeon
87%
Lily
87%
Chaeyoung
86%
Ryujin
86%
Haerin
85%
Yuqi
85%
Hyein
84%
Minnie
84%
Rei
84%
Soyeon
84%
Irene
83%
Yujin
83%
Leeseo
82%
Seulgi
81%
Shuhua
81%
Ahyeon
80%
Chiquita
80%
Liz
80%
Miyeon
80%
Hwasa
79%
Joy
79%
Gaeul
77%
Sullyoon
77%
Haewon
76%
Rami
76%
Asa
75%
Bae
75%
Jiwoo
73%
Natty
73%
Pharita
73%
Ruka
73%
Ye-on
72%
Julie
70%
Kyujin
70%
Solar
69%
Belle
68%
Rora
68%
Ella
61%
Moonbyul
61%
Haneul
60%
Wheein
59%
Chuu
57%
Minju
55%
Wonhee
53%
Anna
52%
Iroha
51%
Moka
50%
Yunah
50%
Bahiyyih
49%
Isa
48%
Yoon
46%
Yves
46%
Kim Lip
43%
Gawon
41%
Narin
41%
Sieun
41%
Xiaoting
41%
Hyeju
40%
Hikaru
39%
Hyunjin
39%
Seeun
38%
Chanelle Moon
37%
Choerry
37%
Aisha
34%
Kya
34%
Sooin
34%
Stella
34%
Sumin
34%
Vivi
34%
Onda
33%
Heejin
32%
Ian
32%
Haseul
31%
Carmen
30%
Emma
30%
Gowon
30%
Jinsoul
30%
Yeojin
30%
Dayeon
28%
Jiyu
28%
Gehlee
27%
Chaehyun
25%
Leesol
25%
Athena
24%
Haum
24%
Sihyeon
24%
Keena
22%
Seowon
22%
Youngeun
22%
Jeemin
20%
Juun
20%
Koko
20%
Kotoko
19%
Chloe Young
18%
Mai
17%
Sui
17%
Hana
16%
Yuha
16%
Nana
14%
Elisia
12%
H'UE
12%
Sarang
12%
INA
11%
Jungeun
11%
Kelly
11%
May
11%
Minami
11%
Saebi
11%
Yoona
11%
Yunha
11%
Zena
11%
Yewon
10%
Hyeonju
8%
Liv
8%
Vin
7%
Yunseo
6%
No matching quizzes found
Score Distribution
Percent of People with Each Score
Percentile by Number Answered
Your Score History
You have not taken this quiz since the last reset